Statistics for School Related Vocabular Words in Spanish

Click here to take the quiz!

General Stats

  • This quiz has been taken 5,278 times
    (5,277 since last reset)
  • The average score is 19 of 24

Answer Stats

españolEnglish% Correct
arteart
99%
músicamusic
98%
historiahistory
97%
profesor teacher
97%
librobook
97%
matemáticasmath
97%
mapamap
96%
álgebraalgebra
96%
geografíageography
95%
estudiantestudent
94%
papelpaper
94%
diccionariodictionary
93%
plumapen
91%
geometríageometry
90%
lápizpencil
85%
cienciascience
81%
fisicaphysics
66%
químicachemistry
64%
idiomalanguage
63%
mochilabackpack
59%
cuadernonotebook
55%
botánicabotany
44%
gomaeraser
43%
tintaink
26%

Score Distribution

Percentile by Number Answered

Percent of People with Each Score

Your Score History

You have not taken this quiz since the last reset